Los manuscritos de la Biblia y la crítica textual

Na minha lista:
Detalhes bibliográficos
Main Authors: Dupont-Roc, Roselyne (Author), Mercier, Philippe (Author)
Formato: Livro
Idioma:espanhol
Publicado em: Pamplona Verbo Divino 2000
Colecção:Cuadernos Bíblicos, 102
Assuntos:
Tags: Adicionar Tag
Sem tags, seja o primeiro a adicionar uma tag!

MARC

LEADER 00000nam a2200000 a 4500
001 UCG0250
003 CL-VaPUC
008 100318e20000000SP |||||||||||||||||spa|d
020 |a 8481693537 
082 0 4 |a 220  |b DUP  |2 21 
100 0 |a Dupont-Roc, Roselyne  |e author  |9 547598 
700 0 |a Mercier, Philippe  |e author  |9 547599 
245 1 4 |a Los manuscritos de la Biblia y la crítica textual 
300 |a 66 p 
942 |c BK 
945 |d 20100318 00:00:00  |a rbrito 
260 |a Pamplona  |b Verbo Divino  |c 2000 
650 0 |a Sagradas escrituras  |9 349657 
650 0 |a Biblia  |9 257603 
650 0 |a Crítica e interpretación   |9 255042 
650 0 |a Antiguo testamento   |9 313678 
650 0 |a Nuevo testamento  |9 257604 
583 |a last modification  |c 20121116 07:38:27  |k Rodrigo Vera 
490 0 |a Cuadernos Bíblicos, 102 
999 |c 339938  |d 339936 
952 |0 0  |1 0  |4 0  |6 220_000000000000000_DUP_2000  |7 0  |8 A  |9 434204  |a BIBTEO  |b BIBTEO  |d 2019-11-22  |i 4651545  |o 220 DUP 2000  |p 4651545  |r 2025-01-17  |w 2019-11-22  |y BK  |k ICR